[Event "AUT-ch U12"]
[Site "St Kanzian"]
[Date "2018.05.22"]
[Round "7.14"]
[White "Freilinger, Simon"]
[Black "Hoerfarter, Alexander"]
[Result "0-1"]
[WhiteElo "1101"]
[BlackElo "1111"]
[PlyCount "76"]
[EventDate "2018.05.19"]
[EventType "swiss"]
[EventRounds "7"]
[EventCountry "AUT"]
[SourceTitle "EXT 2024"]
[Source "ChessBase"]
[SourceDate "2023.10.10"]
[SourceVersion "1"]
[SourceVersionDate "2023.10.10"]
[SourceQuality "1"]

1. e4 e5 2. Nf3 Nc6 3. Bb5 a6 4. Ba4 Nf6 5. d3 Bc5 6. Be3 Be7 7. Bxc6 bxc6 8. Nxe5 0-0 9. Nc3 Bb7 10. h3 d5 11. Nf3 dxe4 12. dxe4 Qxd1+ 13. Rxd1 c5 14. e5 Ne4 15. 0-0 Nxc3 16. bxc3 Be4 17. Rd7 Bd8 18. Bxc5 Re8 19. Rd2 Bxf3 20. gxf3 Rxe5 21. Bd4 Rf5 22. Re1 Bg5 23. Rde2 h6 24. Kg2 h5 25. Re8+ Rxe8 26. Rxe8+ Kh7 27. Ra8 Ra5 28. a3 Rxa3 29. Rc8 Bf4 30. Kf1 Ra2 31. Ra8 Bd6 32. Ke1 a5 33. Kd2 a4 34. Kc1 a3 35. Kb1 Rb2+ 36. Kc1 Bf4+ 37. Kd1 a2 38. Be3 Rb1+ 0-1

[Event "AUT-ch U12"]
[Site "St Kanzian"]
[Date "2018.05.21"]
[Round "6.14"]
[White "Guba, Viktor"]
[Black "Freilinger, Simon"]
[Result "1/2-1/2"]
[WhiteElo "1353"]
[BlackElo "1101"]
[PlyCount "85"]
[EventDate "2018.05.19"]
[EventType "swiss"]
[EventRounds "7"]
[EventCountry "AUT"]
[SourceTitle "EXT 2024"]
[Source "ChessBase"]
[SourceDate "2023.10.10"]
[SourceVersion "1"]
[SourceVersionDate "2023.10.10"]
[SourceQuality "1"]

1. e4 e5 2. Nf3 Nc6 3. d4 exd4 4. Bc4 Be7 5. Nxd4 Nf6 6. Nc3 d6 7. Nxc6 bxc6 8. 0-0 0-0 9. Bf4 Be6 10. Bb3 Re8 11. Qd2 Qb8 12. Rad1 Bxb3 13. axb3 Qb4 14. f3 Rad8 15. Be3 a6 16. Qf2 Bf8 17. Rd4 Qb7 18. Ra4 Ra8 19. Ra5 g6 20. Rfa1 Rad8 21. Rxa6 Bg7 22. Ra7 Qc8 23. R1a6 Qd7 24. Qf1 d5 25. Bb6 Rc8 26. exd5 cxd5 27. Rb7 Re6 28. Ba5 Qe7 29. Rxe6 fxe6 30. Qb5 Ne8 31. Bb4 Qf7 32. Rb8 Nd6 33. Rxc8+ Nxc8 34. Qb8 Qd7 35. Ba5 Be5 36. h3 Kg7 37. Na4 Ne7 38. Bc3 Bxc3 39. Nxc3 Qc6 40. Qb5 Qd6 41. Qa4 Qe5 42. Kf1 Nf5 43. Ne2 1/2-1/2

[Event "AUT-ch U12"]
[Site "St Kanzian"]
[Date "2018.05.20"]
[Round "3.9"]
[White "Schaffner, Louie Raulito"]
[Black "Freilinger, Simon"]
[Result "1-0"]
[WhiteElo "1659"]
[BlackElo "1101"]
[PlyCount "29"]
[EventDate "2018.05.19"]
[EventType "swiss"]
[EventRounds "7"]
[EventCountry "AUT"]
[SourceTitle "EXT 2024"]
[Source "ChessBase"]
[SourceDate "2023.10.10"]
[SourceVersion "1"]
[SourceVersionDate "2023.10.10"]
[SourceQuality "1"]

1. e4 e5 2. Nf3 Nc6 3. d4 d5 4. exd5 Qxd5 5. Nc3 Qd8 6. Bb5 exd4 7. Nxd4 Nge7 8. 0-0 Bd7 9. Nxc6 Bxc6 10. Qe2 Qd7 11. Bc4 g6 12. Re1 0-0-0 13. Bg5 Re8 14. Bxf7 Kd8 15. Rad1 1-0

[Event "AUT-ch U12"]
[Site "St Kanzian"]
[Date "2018.05.19"]
[Round "1.13"]
[White "Freilinger, Simon"]
[Black "Hofstadler, Mario"]
[Result "0-1"]
[WhiteElo "1101"]
[BlackElo "1442"]
[PlyCount "64"]
[EventDate "2018.05.19"]
[EventType "swiss"]
[EventRounds "7"]
[EventCountry "AUT"]
[SourceTitle "EXT 2024"]
[Source "ChessBase"]
[SourceDate "2023.10.10"]
[SourceVersion "1"]
[SourceVersionDate "2023.10.10"]
[SourceQuality "1"]

1. e4 c6 2. d4 d5 3. Nc3 dxe4 4. Nxe4 Nd7 5. Ng3 Ngf6 6. Nf3 Qc7 7. h3 e6 8. c3 Bd6 9. Ne2 b6 10. Be3 Bb7 11. Nc1 0-0 12. Nd3 Rfd8 13. Be2 c5 14. dxc5 Nxc5 15. Nxc5 Bxc5 16. Qc1 Bxe3 17. Qxe3 Nd5 18. Qg5 Nf4 19. Bf1 Qd6 20. Qe5 Qxe5+ 21. Nxe5 Bxg2 22. Bxg2 Nxg2+ 23. Kf1 Nf4 24. Nc6 Rd6 25. Nd4 Rad8 26. Kg1 e5 27. Nf3 f6 28. Nh4 Rd2 29. Rb1 R8d3 30. Ng2 Nxh3+ 31. Rxh3 Rxh3 32. Ne3 Rf3 0-1

[Event "AUT-ch U10"]
[Site "St Kanzian"]
[Date "2017.06.17"]
[Round "6.7"]
[White "Trummer, Alexander"]
[Black "Freilinger, Simon"]
[Result "1-0"]
[WhiteElo "1083"]
[BlackElo "893"]
[PlyCount "53"]
[EventDate "2017.06.16"]
[EventType "swiss"]
[EventRounds "7"]
[EventCountry "AUT"]
[SourceTitle "EXT 2024"]
[Source "ChessBase"]
[SourceDate "2023.10.10"]
[SourceVersion "1"]
[SourceVersionDate "2023.10.10"]
[SourceQuality "1"]

1. e4 e5 2. Nf3 Nc6 3. Bc4 h6 4. Nc3 Bb4 5. a3 Ba5 6. 0-0 Nf6 7. b4 Bb6 8. Bb2 0-0 9. Nh4 a6 10. Nf5 d6 11. Qf3 Bd7 12. d3 Qc8 13. Ne2 Bxf5 14. exf5 Qe8 15. Qg3 Bd4 16. Bc1 Kh7 17. Nxd4 Nxd4 18. Qh4 h5 19. c3 Ne2+ 20. Kh1 Nxc3 21. Bg5 Qe7 22. Rae1 Nb5 23. Re3 Nd4 24. Bxf6 Qxf6 25. Qxh5+ Qh6 26. Qg4 Nc2 27. Rh3 1-0